| 000 | 00390nam a2200157Ia 4500 | ||
|---|---|---|---|
| 008 | 230917s9999||||xx |||||||||||||| ||und|| | ||
| 040 |
_e42874 _aMAIN |
||
| 041 | _aEnglish | ||
| 082 | _a942 C547O | ||
| 100 | _aWilliams, Basil | ||
| 245 | 4 | _aThe Whig supremacy 1714- 1760 | |
| 250 | _a2nd ed. | ||
| 260 |
_aOxford _bClarendon Press _c1974 |
||
| 300 | _aOxford xix, 504 p. | ||
| 942 | _cBK | ||
| 999 |
_c182953 _d182953 |
||